Analog VLSI and neural systems (Record no. 3567)

000 -LEADER
fixed length control field 00595nam a2200229 a 4500
001 - CONTROL NUMBER
control field 3567
003 - CONTROL NUMBER IDENTIFIER
control field BD-DhUET
008 - FIXED-LENGTH DATA ELEMENTS--GENERAL INFORMATION
fixed length control field 0
020 ## - INTERNATIONAL STANDARD BOOK NUMBER
International Standard Book Number 0201059924
040 ## - CATALOGING SOURCE
Original cataloging agency DLC
Transcribing agency 0
Modifying agency BD-DhUET
050 00 - LIBRARY OF CONGRESS CALL NUMBER
Item number .
082 00 - DEWEY DECIMAL CLASSIFICATION NUMBER
Classification number 623.95
Item number MEA/1989
100 ## - MAIN ENTRY--PERSONAL NAME
Personal name Mead, Carver
245 10 - TITLE STATEMENT
Title Analog VLSI and neural systems
Statement of responsibility, etc. by Carver Mead
250 ## - EDITION STATEMENT
Edition statement 1st ed
260 ## - PUBLICATION, DISTRIBUTION, ETC. (IMPRINT)
Place of publication, distribution, etc. New York
Name of publisher, distributor, etc. Addison-Wesley
Date of publication, distribution, etc. 1989
300 ## - PHYSICAL DESCRIPTION
Extent xxii, 371 p., 8 p. of plates
Other physical details ill. (some col.)
Dimensions 24 cm.
490 1# - SERIES STATEMENT
Series statement Addison-Wesley VLSI systems series
504 ## - BIBLIOGRAPHY, ETC. NOTE
Bibliography, etc Includes bibliographies
650 #0 - SUBJECT ADDED ENTRY--TOPICAL TERM
Topical term or geographic name as entry element Neural computers
942 ## - ADDED ENTRY ELEMENTS (KOHA)
Koha item type General Book
Holdings
Koha date last seen Date acquired Koha issues (times borrowed) Koha normalized classification for sorting Shelving location Koha item type Location (home branch) Source of classification or shelving scheme Piece designation (barcode) Copy number Koha full call number Koha date last borrowed Sublocation or collection (holding branch) Price effective from Not for loan Damaged status Lost status Withdrawn status
2021-09-272014-11-021623_000000000000000_95MEA1989Circulation sectionGeneral BookCentral Library, BUET 909351623.95/MEA/19892021-09-27Central Library, BUET2014-11-02    
2021-09-272014-11-021623_000000000000000_95MEA1989Circulation sectionGeneral BookCentral Library, BUET 909442623.95/MEA/19892021-09-27Central Library, BUET2014-11-02    
2021-09-272014-11-021623_000000000000000_95MEA1989Circulation sectionGeneral BookCentral Library, BUET 909343623.95/MEA/19892021-09-27Central Library, BUET2014-11-02    
2021-09-272014-11-021623_000000000000000_95MEA1989Circulation sectionGeneral BookCentral Library, BUET 909364623.95/MEA/19892021-09-27Central Library, BUET2014-11-02    
2021-09-272014-11-021623_000000000000000_95MEA1989Circulation sectionGeneral BookCentral Library, BUET 909425623.95/MEA/19892021-09-27Central Library, BUET2014-11-02    
2014-11-022014-11-02 623_000000000000000_95MEA1989Circulation sectionGeneral BookCentral Library, BUET 909456623.95/MEA/1989 Central Library, BUET2014-11-02    
2025-11-032014-11-0213623_000000000000000_95MEA1989Circulation sectionGeneral BookCentral Library, BUET 909467623.95/MEA/19892025-10-28Central Library, BUET2014-11-02    
2021-09-272014-11-091623_000000000000000_95MEA1989Circulation sectionGeneral BookCentral Library, BUET 909438623.95/MEA/19892021-09-27Central Library, BUET2014-11-09    
2015-06-272015-06-27 623_950000000000000_MEA_1989Reading sectionRental ItemCentral Library, BUET 909329623.95/MEA/1989 Central Library, BUET2015-06-27    
2015-06-272015-06-27 623_950000000000000_MEA_1989Reading sectionReading ItemCentral Library, BUET 9093310623.95/MEA/1989 Central Library, BUET2015-06-27